000 00856nmc a2200301 a 4500
003 AR-BaBNM
005 20251128204715.0
008 017019s1985 ||||||||||||||000 | spa||
040 _cAR-BaBNM
100 1 _aCossa, Roberto M.
_d1934
245 1 0 _aLa pata de la sota ;
_bYa nadie recuerda a Frederic Chopin
260 _aBuenos Aires
_bAbril
_c1985
300 0 _a172 p.
490 0 _aClásicos Huemul
_vv. 119
500 0 _aContiene vocabulario en p. 169
650 4 _aREALISMO
650 4 _aLITERATURA ARGENTINA
650 4 _aESCRITORES
650 4 _aLITERATURA CONTEMPORANEA
650 4 _aTEATRO POPULAR
653 _aCRITICA SOCIAL
655 _aLITERATURA
700 1 _aPellettieri, Osvaldo
_eprologuista
800 1 _aPellegrini, Juan Carlos
_efundador
_edirector
800 1 _aRiba, Elsa
_edirector
942 _cBK
998 _cMARTIN
999 _c8508
_d8508